| 000 | 00350nam a22001457a 4500 | ||
|---|---|---|---|
| 008 | 210609b ||||| |||| 00| 0 eng d | ||
| 020 | _a9781455753581 | ||
| 041 | _aeng | ||
| 080 |
_217th _a610.73 |
||
| 082 | _a610.73 | ||
| 100 | _a2 | ||
| 101 | _aINF | ||
| 245 |
_aFoundations of Psychiatric Mental Health Nursing _cHalter,M.J |
||
| 942 |
_2udc _cBK |
||
| 999 |
_c58090 _d58090 |
||